Élections présidentielles françaises au XXIe siècle - Statistiques

Statistiques générales
  • Ce quiz a été pris 137 fois
  • Le résultat moyen est 40 sur 61
Statistiques - réponses
2022 % Correct
Emmanuel Macron 27,85
100%
Emmanuel Macron 24,01
100%
François Hollande 28,63
99%
Jean-Marie Le Pen 10,44
99%
Jean-Marie Le Pen 16,86
99%
Marine Le Pen 23,15
99%
Marine Le Pen 21,3
99%
Marine Le Pen 17,9
99%
Nicolas Sarkozy 27,18
99%
Nicolas Sarkozy 31,18
99%
Jacques Chirac 19,88
97%
Jean-Luc Mélenchon 21,95
97%
Jean-Luc Mélenchon 19,58
97%
Jean-Luc Mélenchon 11,1
97%
Ségolène Royal 25,87
94%
Éric Zemmour 7,07
90%
Valérie Pécresse 4,78
90%
François Fillon 20,01
87%
Philippe Poutou 0,76
86%
Philippe Poutou 1,09
86%
Philippe Poutou 1,15
86%
Anne Hidalgo 1,74
79%
Lionel Jospin 16,18
79%
Nathalie Arthaud 0,56
74%
Nathalie Arthaud 0,64
74%
Nathalie Arthaud 0,56
74%
Jean Lassalle 3,13
73%
Jean Lassalle 1,21
73%
Yannick Jadot 4,63
73%
Benoît Hamon 6,36
71%
Fabien Roussel 2,28
69%
Nicolas Dupont-Aignan 2,06
68%
Nicolas Dupont-Aignan 4,7
68%
Nicolas Dupont-Aignan 1,79
68%
François Asselineau 0,92
66%
François Bayrou 9,13
66%
François Bayrou 18,57
66%
François Bayrou 6,84
66%
Jacques Cheminade 0,18
58%
Jacques Cheminade 0,25
58%
Eva Joly 2,31
56%
Olivier Besancenot 4,08
56%
Olivier Besancenot 4,25
56%
Arlette Laguiller 1,33
47%
Arlette Laguiller 5,72
47%
Christiane Taubira 2,32
44%
Jean-Pierre Chevènement 5,33
38%
Robert Hue 3,37
36%
José Bové 1,32
32%
Philippe de Villiers 2,23
31%
Noël Mamère 5,25
29%
Bruno Mégret 2,34
24%
Christine Boutin 1,19
21%
Jean Saint-Josse 4,23
21%
Marie-George Buffet 1,93
21%
Dominique Voynet 1,57
20%
Gérard Schivardi 0,34
20%
Alain Madelin 3,91
18%
Frédéric Nihous 1,15
18%
Corinne Lepage 1,88
16%
Daniel Gluckstein 0,47
16%
Aucun quiz correspondant
Distribution des résultats
% des personnes avec chaque résultat
Percentile par nombre de réponses
Votre historique - résultats
Vous n’avez pas pris ce quiz